Es ist an der Zeit - Hannes Wader - Liedtext / Lyrics - Statistiken

Allgemein
  • Dieses Quiz wurde 20 mal gespielt
  • Das Durchschnittsergebnis liegt bei 277 aus 370
Antwortstatistiken
Textquiz % Korrekt
der
94%
Der
94%
du
94%
es
94%
Es
94%
sie
94%
und
94%
Und
94%
an
88%
den
88%
die
88%
ein
88%
Für
88%
ich
88%
Ich
88%
in
88%
ist
88%
So
88%
wie
88%
wo
88%
Zeit
88%
alles
81%
Auch
81%
auch
81%
Auf
81%
auf
81%
bis
81%
Da
81%
das
81%
daß
81%
dein
81%
Deine
81%
deine
81%
denn
81%
dich
81%
gibt
81%
haben
81%
hast
81%
Hast
81%
heut
81%
im
81%
ja
81%
Ja
81%
Jugend
81%
jung
81%
Können
81%
Leben
81%
nicht
81%
noch
81%
nur
81%
oder
81%
Oder
81%
schon
81%
Von
81%
von
81%
zu
81%
belogen
75%
Bist
75%
dann
75%
Dann
75%
Deinen
75%
dir
75%
doch
75%
Doch
75%
Dort
75%
dort
75%
eine
75%
Frieden
75%
gegeben
75%
geliebt
75%
hat
75%
hör
75%
ihnen
75%
immer
75%
kann
75%
kommt
75%
Kraft
75%
Mädchen
75%
mein
75%
mir
75%
mit
75%
nach
75%
nie
75%
niemand
75%
Niemand
75%
sein
75%
selber
75%
sich
75%
Sicher
75%
Soldat
75%
tun
75%
uns
75%
Vor
75%
aber
69%
als
69%
bald
69%
Bein
69%
bereit
69%
dachtest
69%
deinem
69%
deiner
69%
einmal
69%
genauso
69%
geschämt
69%
Geschoß
69%
geschrien
69%
getan
69%
Gewallt
69%
Grab
69%
Jahre
69%
jemand
69%
kämpfen
69%
mal
69%
mehr
69%
Mutter
69%
Namen
69%
Nehme
69%
neunzehn
69%
Tod
69%
Toten
69%
toter
69%
um
69%
warst
69%
Warst
69%
Weit
69%
zum
69%
alt
63%
Champagne
63%
Diesen
63%
einzige
63%
Fällt
63%
finde
63%
finden
63%
gemalt
63%
gern
63%
Glieder
63%
Hand
63%
hoffe
63%
Kreuz
63%
Krieg
63%
Lügen
63%
Menschen
63%
Mittsommergrün
63%
sauberer
63%
Schluß
63%
Schuß
63%
sterben
63%
traf
63%
über
63%
Vielleicht
63%
weitergerannt
63%
Zahl
63%
Zärtlichkeit
63%
zerfetzt
63%
Ziffern
63%
zuletzt
63%
zwischen
63%
1916
56%
begräbt
56%
blühn
56%
entschlossen
56%
falle
56%
geschehen
56%
gingst
56%
Grabkreuzen
56%
herein
56%
lebt
56%
meinen
56%
Menschheit
56%
Milliarden
56%
Mohnblumen
56%
Schwur
56%
Spur
56%
verbittert
56%
verhindern
56%
verzweifelt
56%
blieb
50%
Dazu
50%
gedeihn
50%
Gräberfeld
50%
leicht
50%
sanft
50%
verroht
50%
wachsam
50%
wiegen
50%
Wind
50%
birgt
44%
erkannt
44%
Feind
44%
Gräser
44%
streicht
44%
Vergnügen
44%
wirklichen
44%
flüstern
38%
gläubig
38%
längt
19%
Beistümpfen
6%
Vertauen
6%
Kreiz
0%
totel
0%
Keine übereinstimmenden Quizze gefunden
Verteilung der Resultate
Anzahl Personen mit jedem Resultat
Perzentil nach korrekt beantworteten Fragen
Ihre Resultats-Entwicklung
Sie haben dieses Quiz noch nicht gespielt